Composition for technical students / (Record no. 8692)
[ view plain ]
| 000 -LEADER | |
|---|---|
| fixed length control field | 00649cam a22002531 4500 |
| 001 - CONTROL NUMBER | |
| JCCL Control Number | 8692 |
| 003 - CONTROL NUMBER IDENTIFIER | |
| JCCL marc code | BD-JhCC |
| 005 - DATE AND TIME OF LATEST TRANSACTION | |
| control field | 20231030080143.0 |
| 008 - FIXED-LENGTH DATA ELEMENTS--GENERAL INFORMATION | |
| fixed length control field | 761216s1957 nyua 000 0 eng |
| 035 ## - SYSTEM CONTROL NUMBER | |
| system control number | (BD-JhCC)8692 |
| 035 ## - SYSTEM CONTROL NUMBER | |
| system control number | (OCoLC)2627724 |
| 040 ## - CATALOGING SOURCE | |
| Original cataloging agency | DLC |
| Transcribing agency | OYU |
| Modifying agency | DLC |
| -- | BD-JhCC |
| 041 ## - LANGUAGE CODE | |
| Language code of Book | eng |
| 050 00 - LIBRARY OF CONGRESS CALL NUMBER | |
| Classification number | T11 |
| Item number | .T46 1957 |
| 082 ## - DEWEY DECIMAL CLASSIFICATION NUMBER | |
| Author mark and Year | THO 1957 |
| 100 1# - MAIN ENTRY--PERSONAL NAME | |
| Personal name | Thomas, Joseph David. |
| 245 10 - TITLE STATEMENT | |
| Title | Composition for technical students / |
| Statement of responsibility, etc | Joseph David Thomas. |
| 250 ## - EDITION STATEMENT | |
| Edition statement | Rev. |
| 260 ## - PUBLICATION, DISTRIBUTION, ETC. (IMPRINT) | |
| Place of publication, distribution, etc | New York, |
| Name of publisher, distributor, etc | Scribner |
| Date of publication, distribution, etc | [c1957] |
| 300 ## - PHYSICAL DESCRIPTION | |
| Pagination | 460 p. |
| Other physical details | illus. |
| Dimensions | 22 cm. |
| 650 #0 - SUBJECT ADDED ENTRY--TOPICAL TERM | |
| Topical term or geographic name as entry element | Technical writing. |
| 942 ## - ADDED ENTRY ELEMENTS (KOHA) | |
| Source of classification or shelving scheme | Dewey Decimal Classification |
| Koha item type | Books |
| Source of classification or shelving scheme | Damaged status | Not for loan | Home library | Current library | Shelving location | Date of accession | Full call number | Barcode | Date last seen | Copy number | Method of acquisition | Koha item type | Currency |
|---|---|---|---|---|---|---|---|---|---|---|---|---|---|
| Dewey Decimal Classification | JCC Rouf Library | JCC Rouf Library | General Stacks | 10/30/2023 | 808 THO 1957 | 11458 | 03/01/2018 | C - 1 | Purchase | Books | BDT |